[Event "Small Nations"]
[Site "?"]
[Date "2015.04.22"]
[Round "6.12"]
[White "Psaila, Clarence"]
[Black "Andreasen, Joan Hendrik"]
[Result "0-1"]
[BlackElo "2227"]
[WhiteElo "2063"]
[LiveChessVersion "1.4.5"]

1. e4 {[%clk 1:30:53]} c5 {[%clk 1:30:20]} 2. Nf3 {[%clk 1:30:54]} Nc6
{[%clk 1:30:06]} 3. Nc3 {[%clk 1:30:25]} d6 {[%clk 1:27:36]} 4. Bc4
{[%clk 1:30:03]} Nf6 {[%clk 1:27:07]} 5. d3 {[%clk 1:26:07]} g6 {[%clk 1:25:55]}
6. Ng5 {[%clk 1:22:59]} e6 {[%clk 1:24:34]} 7. f4 {[%clk 1:18:54]} Bg7
{[%clk 1:23:19]} 8. O-O {[%clk 1:18:17]} O-O {[%clk 1:23:21]} 9. Nf3
{[%clk 1:09:04]} a6 {[%clk 1:22:08]} 10. a4 {[%clk 1:09:07]} Rb8 {[%clk 1:19:17]}
11. Kh1 {[%clk 0:55:38]} d5 {[%clk 1:15:57]} 12. e5 {[%clk 0:51:08]} Nd7
{[%clk 1:08:21]} 13. Ba2 {[%clk 0:51:04]} b5 {[%clk 1:08:00]} 14. axb5
{[%clk 0:50:25]} axb5 {[%clk 1:06:58]} 15. d4 {[%clk 0:47:49]} b4
{[%clk 1:01:53]} 16. Ne2 {[%clk 0:33:33]} Ra8 {[%clk 0:58:52]} 17. Bxd5
{[%clk 0:29:58]} Rxa1 {[%clk 0:58:35]} 18. Bxc6 {[%clk 0:30:21]} Ba6
{[%clk 0:57:05]} 19. Re1 {[%clk 0:28:18]} cxd4 {[%clk 0:53:48]} 20. Nexd4
{[%clk 0:27:58]} Nc5 {[%clk 0:52:31]} 21. Qd2 {[%clk 0:21:38]} Qb6
{[%clk 0:49:56]} 22. Qe3 {[%clk 0:21:31]} Rc8 {[%clk 0:47:42]} 23. Be4
{[%clk 0:17:52]} Nxe4 {[%clk 0:47:05]} 24. Qxe4 {[%clk 0:18:13]} Bb7
{[%clk 0:46:14]} 25. Qe2 {[%clk 0:17:27]} Bd5 {[%clk 0:45:10]} 26. Be3
{[%clk 0:17:27]} Rxe1+ {[%clk 0:43:52]} 27. Qxe1 {[%clk 0:16:51]} Bf8
{[%clk 0:43:07]} 28. Ng5 {[%clk 0:12:18]} Qb7 {[%clk 0:41:07]} 29. Qg3
{[%clk 0:11:23]} Bc5 {[%clk 0:29:20]} 30. f5 {[%clk 0:07:05]} Bxd4
{[%clk 0:22:10]} 31. Bxd4 {[%clk 0:01:47]} Rxc2 {[%clk 0:21:09]} 32. h3
{[%clk 0:02:07]} Bxg2+ {[%clk 0:21:08]} 33. Kg1 {[%clk 0:01:41]} Rc1+
{[%clk 0:19:55]} 34. Kf2 {[%clk 0:02:09]} Rf1+ {[%clk 0:19:55]} 35. Ke3
{[%clk 0:02:31]} Rxf5 {[%clk 0:19:51]} 36. Qh4 {[%clk 0:02:14]} h5
{[%clk 0:19:41]} 37. Qg3 {[%clk 0:01:58]} Qc6 {[%clk 0:18:36]} 38. h4
{[%clk 0:01:23]} Qc1+ {[%clk 0:18:20]} 0-1

[Event "Small Nations"]
[Site "?"]
[Date "2015.04.22"]
[Round "6.13"]
[White "Jouault, Louis"]
[Black "Holland, Christopher"]
[Result "1/2-1/2"]
[BlackElo "2213"]
[WhiteElo "1908"]
[LiveChessVersion "1.4.5"]

1. e4 {[%clk 1:30:58]} e6 {[%clk 1:30:39]} 2. d4 {[%clk 1:31:16]} d5
{[%clk 1:31:04]} 3. Nd2 {[%clk 1:31:37]} c5 {[%clk 1:31:26]} 4. exd5
{[%clk 1:31:00]} exd5 {[%clk 1:31:51]} 5. Bb5+ {[%clk 1:29:25]} Bd7
{[%clk 1:32:14]} 6. Qe2+ {[%clk 1:29:17]} Be7 {[%clk 1:32:37]} 7. dxc5
{[%clk 1:24:06]} Nf6 {[%clk 1:33:01]} 8. Ngf3 {[%clk 1:23:00]} O-O
{[%clk 1:32:21]} 9. Bxd7 {[%clk 1:19:09]} Nbxd7 {[%clk 1:32:02]} 10. O-O
{[%clk 1:18:17]} Re8 {[%clk 1:28:37]} 11. Nb3 {[%clk 1:14:33]} Nxc5
{[%clk 1:15:01]} 12. Bg5 {[%clk 1:03:26]} Na4 {[%clk 0:42:52]} 13. c3
{[%clk 1:00:16]} Qd7 {[%clk 0:39:57]} 14. Qc2 {[%clk 0:55:43]} Ne4
{[%clk 0:29:23]} 15. Bxe7 {[%clk 0:52:57]} Rxe7 {[%clk 0:29:49]} 16. Rad1
{[%clk 0:51:19]} Rc8 {[%clk 0:25:13]} 17. Rfe1 {[%clk 0:48:08]} Nb6
{[%clk 0:23:50]} 18. Nbd2 {[%clk 0:44:02]} Rce8 {[%clk 0:19:42]} 19. Nxe4
{[%clk 0:40:01]} Rxe4 {[%clk 0:20:07]} 20. Rxe4 {[%clk 0:39:11]} Rxe4
{[%clk 0:20:35]} 21. Qxe4 {[%clk 0:30:33]} 1/2-1/2

[Event "Small Nations"]
[Site "?"]
[Date "2015.04.22"]
[Round "6.14"]
[White "Hamperl, Fred"]
[Black "Hawes, Jonathan"]
[Result "1/2-1/2"]
[BlackElo "2158"]
[WhiteElo "2071"]
[LiveChessVersion "1.4.5"]

1. e4 {[%clk 1:30:58]} e6 {[%clk 1:30:56]} 2. d4 {[%clk 1:31:24]} d5
{[%clk 1:31:24]} 3. exd5 {[%clk 1:31:50]} exd5 {[%clk 1:31:51]} 4. c4
{[%clk 1:32:15]} Bb4+ {[%clk 1:32:19]} 5. Nc3 {[%clk 1:32:39]} Ne7
{[%clk 1:32:46]} 6. Bd3 {[%clk 1:31:50]} Nbc6 {[%clk 1:29:36]} 7. Nf3
{[%clk 1:31:49]} Bg4 {[%clk 1:28:27]} 8. Be3 {[%clk 1:32:09]} Qd7
{[%clk 1:25:56]} 9. O-O {[%clk 1:16:28]} Bxc3 {[%clk 1:21:21]} 10. bxc3
{[%clk 1:16:51]} f6 {[%clk 1:19:17]} 11. Re1 {[%clk 1:11:55]} O-O
{[%clk 1:13:27]} 12. Rb1 {[%clk 1:02:52]} b6 {[%clk 1:11:23]} 13. Bf4
{[%clk 0:55:14]} Na5 {[%clk 1:09:26]} 14. cxd5 {[%clk 0:50:59]} Nxd5
{[%clk 1:07:24]} 15. Bd2 {[%clk 0:50:03]} Bf5 {[%clk 1:06:58]} 16. Qc2
{[%clk 0:48:47]} Bxd3 {[%clk 1:06:54]} 17. Qxd3 {[%clk 0:49:12]} Qc6
{[%clk 1:05:20]} 18. Qf5 Rfe8 1/2-1/2

[Event "Small Nations"]
[Site "?"]
[Date "2015.04.22"]
[Round "6.15"]
[White "Kahn, Tito"]
[Black "Kirby, Peter J"]
[Result "0-1"]
[BlackElo "1990"]
[WhiteElo "1942"]
[LiveChessVersion "1.4.5"]

1. d4 {[%clk 1:30:58]} Nf6 {[%clk 1:30:53]} 2. Nf3 {[%clk 1:31:24]} g6
{[%clk 1:31:18]} 3. Nc3 {[%clk 1:31:51]} d5 {[%clk 1:31:30]} 4. Bf4
{[%clk 1:32:12]} Bg7 {[%clk 1:31:19]} 5. e3 {[%clk 1:32:38]} O-O {[%clk 1:31:22]}
6. Be2 {[%clk 1:33:05]} c5 {[%clk 1:31:41]} 7. Ne5 {[%clk 1:33:29]} Nc6
{[%clk 1:31:52]} 8. h4 {[%clk 1:29:13]} cxd4 {[%clk 1:31:06]} 9. exd4
{[%clk 1:29:31]} Qb6 {[%clk 1:30:46]} 10. Nxc6 {[%clk 1:29:33]} bxc6
{[%clk 1:31:14]} 11. Na4 {[%clk 1:29:18]} Qa5+ {[%clk 1:31:22]} 12. c3
{[%clk 1:29:33]} Nd7 {[%clk 1:28:49]} 13. b4 {[%clk 1:27:09]} Qd8
{[%clk 1:29:01]} 14. Nc5 {[%clk 1:24:37]} Nxc5 {[%clk 1:24:43]} 15. bxc5
{[%clk 1:24:55]} Qa5 {[%clk 1:24:37]} 16. Qd2 {[%clk 4:52:42]} Re8
{[%clk 1:24:37]} 17. O-O-O {[%clk 4:52:42]} e5 {[%clk 1:24:37]} 18. Be3
{[%clk 4:52:42]} Rb8 {[%clk 1:24:37]} 19. Kc2 {[%clk 4:52:42]} Qa3
{[%clk 1:24:37]} 0-1

[Event "Small Nations"]
[Site "?"]
[Date "2015.04.22"]
[Round "6.16"]
[White "Rowe, Peter"]
[Black "Forbes, Garry"]
[Result "1-0"]
[BlackElo "1908"]
[WhiteElo "1988"]
[LiveChessVersion "1.4.5"]

1. d4 {[%clk 1:30:54]} g6 {[%clk 1:30:58]} 2. Nf3 {[%clk 1:31:06]} Bg7
{[%clk 1:31:25]} 3. Bf4 {[%clk 1:31:24]} d6 {[%clk 1:31:50]} 4. e3
{[%clk 1:31:30]} Nd7 {[%clk 1:32:05]} 5. h3 {[%clk 1:27:22]} e5 {[%clk 1:32:28]}
6. Bh2 {[%clk 1:27:31]} Qe7 {[%clk 1:32:10]} 7. Be2 {[%clk 1:27:29]} Ngf6
{[%clk 1:32:07]} 8. O-O {[%clk 1:26:48]} O-O {[%clk 1:31:37]} 9. c4
{[%clk 1:25:22]} Ne4 {[%clk 1:31:18]} 10. Nbd2 {[%clk 1:16:56]} Nxd2
{[%clk 1:31:37]} 11. Qxd2 {[%clk 1:17:06]} e4 {[%clk 1:17:58]} 12. Ne1
{[%clk 1:17:14]} b6 {[%clk 1:15:34]} 13. Rc1 {[%clk 1:14:48]} a5 {[%clk 1:07:40]}
14. Nc2 {[%clk 1:10:07]} Bb7 {[%clk 1:00:56]} 15. Na3 {[%clk 1:06:04]} f5
{[%clk 0:55:29]} 16. Nb5 {[%clk 1:01:19]} Rac8 {[%clk 0:50:43]} 17. a3
{[%clk 0:58:08]} Nb8 {[%clk 0:47:02]} 18. Rfd1 {[%clk 0:49:15]} Rcd8
{[%clk 0:46:50]} 19. b4 {[%clk 0:44:48]} axb4 {[%clk 0:45:59]} 20. axb4
{[%clk 0:44:58]} c6 {[%clk 0:43:47]} 21. Nc3 {[%clk 0:44:06]} c5 {[%clk 0:41:01]}
22. Nb5 {[%clk 0:39:03]} cxd4 {[%clk 0:39:03]} 23. Nxd4 {[%clk 0:38:10]} Be5
{[%clk 0:27:25]} 24. Qa2 {[%clk 0:34:20]} Bxh2+ {[%clk 0:07:34]} 25. Kxh2
{[%clk 0:34:44]} Bc8 {[%clk 0:07:59]} 26. c5+ {[%clk 0:30:14]} Kg7
{[%clk 0:08:28]} 27. c6 {[%clk 0:28:55]} Rde8 {[%clk 0:07:50]} 28. Nb5
{[%clk 0:19:34]} Rf6 {[%clk 0:04:54]} 29. Qb2 {[%clk 0:18:12]} Kh6
{[%clk 0:04:51]} 30. c7 {[%clk 0:17:59]} Nd7 {[%clk 0:02:54]} 31. Qd4
{[%clk 0:17:21]} Ba6 {[%clk 0:01:25]} 32. Nxd6 {[%clk 0:15:40]} 1-0

[Event "Small Nations"]
[Site "?"]
[Date "2015.04.23"]
[Round "7.1"]
[White "Berend, Fred"]
[Black "De La Riva Aguado, Oscar"]
[Result "1-0"]
[BlackElo "2507"]
[WhiteElo "2349"]
[LiveChessVersion "1.4.5"]

1. e4 {[%clk 1:30:58]} c5 {[%clk 1:30:39]} 2. Nf3 {[%clk 1:31:23]} Nc6
{[%clk 1:30:19]} 3. d4 {[%clk 1:31:31]} cxd4 {[%clk 1:30:38]} 4. Nxd4
{[%clk 1:31:58]} g6 {[%clk 1:29:36]} 5. c4 {[%clk 1:32:07]} Bg7 {[%clk 1:29:22]}
6. Be3 {[%clk 1:32:20]} Nf6 {[%clk 1:29:42]} 7. Nc3 {[%clk 1:32:44]} O-O
{[%clk 1:29:37]} 8. Be2 {[%clk 1:33:02]} b6 {[%clk 1:29:07]} 9. O-O
{[%clk 1:30:57]} Bb7 {[%clk 1:28:45]} 10. f3 {[%clk 1:30:55]} e6 {[%clk 1:26:52]}
11. Nxc6 {[%clk 1:17:23]} Bxc6 {[%clk 1:26:52]} 12. Qd6 {[%clk 1:17:23]} Ne8
{[%clk 1:26:52]} 13. Qd2 {[%clk 1:17:23]} f5 {[%clk 1:26:52]} 14. Rad1
{[%clk 1:17:23]} Qe7 {[%clk 1:15:10]} 15. exf5 {[%clk 1:10:24]} gxf5
{[%clk 1:15:25]} 16. Rfe1 {[%clk 1:08:47]} Rf6 {[%clk 1:07:29]} 17. b4
{[%clk 1:00:35]} Rg6 {[%clk 1:03:28]} 18. c5 {[%clk 0:49:57]} Be5
{[%clk 0:57:15]} 19. Bf4 {[%clk 0:27:32]} Bxf4 {[%clk 0:35:54]} 20. Qxf4
{[%clk 0:28:00]} bxc5 {[%clk 0:32:04]} 21. b5 {[%clk 0:25:50]} Bb7
{[%clk 0:32:08]} 22. Kh1 {[%clk 0:22:04]} Qg7 {[%clk 0:26:15]} 23. Na4
{[%clk 0:22:10]} Rc8 {[%clk 0:23:22]} 24. Bf1 {[%clk 0:19:20]} d6
{[%clk 0:22:30]} 25. Rd3 {[%clk 0:18:11]} Rf6 {[%clk 0:14:53]} 26. Qd2
{[%clk 0:15:25]} d5 {[%clk 0:12:32]} 27. f4 {[%clk 0:09:50]} Rg6 {[%clk 0:10:46]}
28. Rde3 {[%clk 0:08:14]} Qf7 {[%clk 0:10:30]} 29. Qe2 {[%clk 0:07:40]} Ng7
{[%clk 0:08:57]} 30. Re5 {[%clk 0:07:51]} Qc7 {[%clk 0:08:37]} 31. Qf2
{[%clk 0:07:42]} Qd6 {[%clk 0:06:13]} 32. Rc1 {[%clk 0:07:03]} d4
{[%clk 0:05:17]} 33. Rexc5 {[%clk 0:07:19]} Rxc5 {[%clk 0:05:36]} 34. Nxc5
{[%clk 0:07:37]} Bd5 {[%clk 0:06:02]} 35. Nd3 {[%clk 0:07:32]} Rf6
{[%clk 0:03:26]} 36. Kg1 {[%clk 0:07:52]} Be4 {[%clk 0:03:26]} 37. Rc4
{[%clk 0:06:37]} Qd5 {[%clk 0:02:08]} 38. Qxd4 {[%clk 0:05:47]} Rf8
{[%clk 0:01:46]} 39. Qxd5 {[%clk 0:02:07]} Bxd5 {[%clk 0:01:57]} 40. Ra4
{[%clk 0:02:00]} Rf7 {[%clk 0:02:17]} 41. Nb4 {[%clk 0:01:24]} Be4
{[%clk 0:01:01]} 42. g3 {[%clk 0:01:21]} Rd7 {[%clk 0:00:52]} 43. Nc6
{[%clk 0:29:45]} Bxc6 {[%clk 0:22:11]} 44. bxc6 {[%clk 0:30:03]} Rc7
{[%clk 0:22:38]} 45. Bg2 {[%clk 0:30:08]} Kf8 {[%clk 0:23:04]} 46. Rb4
{[%clk 0:30:17]} Ke7 {[%clk 0:23:24]} 47. Rb8 {[%clk 0:30:14]} Ne8
{[%clk 0:23:49]} 48. Kf2 {[%clk 0:30:20]} Nf6 {[%clk 0:24:15]} 49. Ke3
{[%clk 0:23:07]} Ne8 {[%clk 0:10:32]} 50. Kd4 {[%clk 0:22:50]} Nd6
{[%clk 0:10:59]} 51. Rh8 {[%clk 0:20:38]} Kf6 {[%clk 0:11:21]} 52. Kc5
{[%clk 0:18:51]} Nb7+ {[%clk 0:11:13]} 53. Kb4 {[%clk 0:18:38]} Nd6
{[%clk 0:11:38]} 54. Rb8 {[%clk 0:17:54]} Ke7 {[%clk 0:10:20]} 55. Kc5
{[%clk 0:15:21]} h6 {[%clk 0:05:59]} 56. Bf3 {[%clk 0:15:26]} Rc8
{[%clk 0:05:54]} 57. Rb4 {[%clk 0:15:22]} Rc7 {[%clk 0:06:02]} 58. h3
{[%clk 0:14:57]} Rc8 {[%clk 0:04:44]} 59. Rb3 {[%clk 0:11:39]} Rc7
{[%clk 0:04:35]} 60. g4 {[%clk 0:11:08]} fxg4 {[%clk 0:05:00]} 61. hxg4
{[%clk 0:11:35]} Rc8 {[%clk 0:05:18]} 62. Ra3 {[%clk 0:11:27]} Rc7
{[%clk 0:05:36]} 63. Kb4 {[%clk 0:10:47]} Nf7 {[%clk 0:05:22]} 64. Re3
{[%clk 0:10:47]} Kf6 {[%clk 0:02:28]} 65. Kc5 {[%clk 0:10:19]} Rc8
{[%clk 0:02:51]} 66. Ra3 {[%clk 0:08:47]} Rc7 {[%clk 0:03:14]} 67. Rb3
{[%clk 0:08:55]} Ke7 {[%clk 0:01:39]} 68. Rb7 {[%clk 0:08:28]} Kd8
{[%clk 0:02:05]} 69. Rb2 {[%clk 0:08:20]} Ke7 {[%clk 0:02:31]} 70. Rh2
{[%clk 0:08:06]} Rc8 {[%clk 0:02:54]} 71. Re2 {[%clk 0:06:47]} Kf6
{[%clk 0:01:51]} 72. Be4 {[%clk 0:06:55]} Ke7 {[%clk 0:01:13]} 73. Bd5
{[%clk 0:06:53]} Nd8 {[%clk 0:01:40]} 74. f5 {[%clk 0:07:09]} Nb7+
{[%clk 0:02:03]} 75. Kb5 {[%clk 0:05:56]} Nd6+ {[%clk 0:00:51]} 76. Ka6
{[%clk 0:06:06]} 1-0

[Event "Small Nations"]
[Site "?"]
[Date "2015.04.23"]
[Round "7.2"]
[White "Garcia Paolicchi, Raul"]
[Black "Wiedenkeller, Michael"]
[Result "0-1"]
[BlackElo "2470"]
[WhiteElo "2146"]
[LiveChessVersion "1.4.5"]

1. d4 {[%clk 1:30:54]} d5 {[%clk 1:30:38]} 2. c4 {[%clk 1:30:56]} dxc4
{[%clk 1:30:52]} 3. Nf3 {[%clk 1:31:02]} Nf6 {[%clk 1:31:00]} 4. e3
{[%clk 1:31:16]} e6 {[%clk 1:31:18]} 5. Bxc4 {[%clk 1:31:08]} c5 {[%clk 1:31:15]}
6. O-O {[%clk 1:31:11]} a6 {[%clk 1:31:33]} 7. Bd3 {[%clk 1:30:58]} Nbd7
{[%clk 1:28:10]} 8. Re1 {[%clk 1:29:38]} b6 {[%clk 1:10:11]} 9. e4
{[%clk 1:28:36]} cxd4 {[%clk 1:07:41]} 10. e5 {[%clk 1:28:11]} Nd5
{[%clk 1:07:38]} 11. Nxd4 {[%clk 1:27:37]} Nc5 {[%clk 1:07:07]} 12. Bf1
{[%clk 1:27:11]} Bb7 {[%clk 1:06:42]} 13. Nd2 {[%clk 1:26:08]} Qd7
{[%clk 1:04:36]} 14. Qg4 {[%clk 1:17:08]} Rc8 {[%clk 1:02:40]} 15. a3
{[%clk 1:14:23]} b5 {[%clk 1:01:19]} 16. N2f3 {[%clk 1:10:52]} h6
{[%clk 0:57:20]} 17. Bd2 {[%clk 1:05:42]} Na4 {[%clk 0:54:10]} 18. Rab1
{[%clk 1:04:34]} g6 {[%clk 0:50:27]} 19. Bd3 {[%clk 0:55:06]} Ne7
{[%clk 0:44:36]} 20. Be4 {[%clk 0:42:44]} Bxe4 {[%clk 0:41:11]} 21. Qxe4
{[%clk 0:39:46]} Nd5 {[%clk 0:40:51]} 22. Red1 {[%clk 0:37:14]} Be7
{[%clk 0:36:12]} 23. Qe2 {[%clk 0:31:12]} Kf8 {[%clk 0:33:52]} 24. Be3
{[%clk 0:28:19]} Kg7 {[%clk 0:32:37]} 25. Qd2 {[%clk 0:25:27]} Qb7
{[%clk 0:27:06]} 26. Ne2 {[%clk 0:22:41]} Nxe3 {[%clk 0:20:36]} 27. Qxe3
{[%clk 0:22:52]} Rc2 {[%clk 0:19:41]} 28. Rd2 {[%clk 0:18:05]} Rhc8
{[%clk 0:18:13]} 29. Rbd1 {[%clk 0:16:12]} Rxb2 {[%clk 0:15:18]} 30. h4
{[%clk 0:15:58]} Rxd2 {[%clk 0:14:17]} 31. Nxd2 {[%clk 0:15:22]} Rd8
{[%clk 0:10:48]} 32. Rc1 {[%clk 0:13:55]} Qd5 {[%clk 0:09:15]} 33. Nf3
{[%clk 0:11:47]} Qd3 {[%clk 0:08:24]} 34. Qxd3 {[%clk 0:12:08]} Rxd3
{[%clk 0:08:48]} 35. Rc6 {[%clk 0:12:22]} Nc5 {[%clk 0:05:47]} 36. a4
{[%clk 0:10:57]} bxa4 {[%clk 0:05:39]} 0-1

[Event "Small Nations"]
[Site "?"]
[Date "2015.04.23"]
[Round "7.3"]
[White "Linster, Philippe"]
[Black "Jose Queralto, Daniel"]
[Result "1-0"]
[BlackElo "2154"]
[WhiteElo "2239"]
[LiveChessVersion "1.4.5"]

1. c4 {[%clk 1:30:58]} e5 {[%clk 1:30:56]} 2. g3 {[%clk 1:31:24]} f5
{[%clk 1:29:35]} 3. Bg2 {[%clk 1:31:14]} Nf6 {[%clk 1:29:51]} 4. d4
{[%clk 1:31:13]} e4 {[%clk 1:28:05]} 5. Nc3 {[%clk 1:30:27]} c6 {[%clk 1:24:55]}
6. Nh3 {[%clk 1:29:05]} d5 {[%clk 1:14:13]} 7. cxd5 {[%clk 1:29:07]} Nxd5
{[%clk 1:14:37]} 8. O-O {[%clk 1:27:48]} Be7 {[%clk 1:13:09]} 9. f3
{[%clk 1:23:04]} exf3 {[%clk 1:11:14]} 10. Bxf3 {[%clk 1:22:57]} Nxc3
{[%clk 1:05:42]} 11. bxc3 {[%clk 1:23:25]} Be6 {[%clk 1:05:46]} 12. Nf4
{[%clk 1:20:41]} Bf7 {[%clk 1:04:07]} 13. Qc2 {[%clk 1:18:15]} g6
{[%clk 0:53:51]} 14. e4 {[%clk 1:17:11]} fxe4 {[%clk 0:53:42]} 15. Qxe4
{[%clk 1:17:24]} O-O {[%clk 0:53:51]} 16. Ne6 {[%clk 1:16:51]} Bxe6
{[%clk 0:53:27]} 17. Qxe6+ {[%clk 1:17:20]} Kg7 {[%clk 0:53:27]} 18. Rb1
{[%clk 1:10:07]} b6 {[%clk 0:48:09]} 19. Bf4 {[%clk 1:04:29]} Bf6
{[%clk 0:45:04]} 20. Rbe1 {[%clk 0:59:22]} Rf7 {[%clk 0:43:20]} 21. Bh6+
{[%clk 0:51:11]} Kg8 {[%clk 0:41:28]} 22. Qe8+ {[%clk 0:51:26]} 1-0

[Event "Small Nations"]
[Site "?"]
[Date "2015.04.23"]
[Round "7.4"]
[White "Fernandez Lopez, Joan"]
[Black "Gengler, Pierre"]
[Result "0-1"]
[BlackElo "2195"]
[WhiteElo "2133"]
[LiveChessVersion "1.4.5"]

1. e4 {[%clk 1:30:53]} c5 {[%clk 1:30:54]} 2. Nf3 {[%clk 1:30:59]} Nc6
{[%clk 1:31:15]} 3. Bb5 {[%clk 1:30:50]} g6 {[%clk 1:31:39]} 4. c3
{[%clk 1:30:40]} Nf6 {[%clk 1:31:49]} 5. Qe2 {[%clk 1:30:17]} Bg7
{[%clk 1:31:39]} 6. O-O {[%clk 1:28:59]} O-O {[%clk 1:31:52]} 7. Rd1
{[%clk 1:28:32]} Qb6 {[%clk 1:23:52]} 8. d4 {[%clk 1:08:52]} cxd4
{[%clk 1:16:36]} 9. cxd4 {[%clk 1:08:59]} d5 {[%clk 1:16:58]} 10. e5
{[%clk 1:01:48]} Ne4 {[%clk 1:14:04]} 11. Bxc6 {[%clk 0:55:12]} bxc6
{[%clk 0:59:18]} 12. Ne1 {[%clk 0:50:24]} Ba6 {[%clk 0:57:31]} 13. Qc2
{[%clk 0:43:20]} f6 {[%clk 0:57:52]} 14. Be3 {[%clk 0:38:03]} fxe5
{[%clk 0:57:49]} 15. dxe5 {[%clk 0:38:15]} Qxe3 {[%clk 0:57:59]} 0-1

[Event "Small Nations"]
[Site "?"]
[Date "2015.04.23"]
[Round "7.9"]
[White "Efimov, Igor"]
[Black "Jouault, Louis"]
[Result "1-0"]
[BlackElo "1908"]
[WhiteElo "2398"]
[LiveChessVersion "1.4.5"]

1. d4 {[%clk 1:30:56]} Nf6 {[%clk 1:30:49]} 2. c4 {[%clk 1:31:16]} e6
{[%clk 1:31:00]} 3. Nc3 {[%clk 1:31:40]} Bb4 {[%clk 1:31:18]} 4. Nf3
{[%clk 1:32:03]} d5 {[%clk 1:31:01]} 5. Qa4+ {[%clk 1:29:24]} Nc6
{[%clk 1:31:01]} 6. e3 {[%clk 1:29:23]} O-O {[%clk 1:31:06]} 7. Bd2
{[%clk 1:29:43]} Bd7 {[%clk 1:30:05]} 8. Qc2 {[%clk 1:30:01]} a6 {[%clk 1:29:39]}
9. Bd3 {[%clk 1:28:11]} dxc4 {[%clk 1:29:48]} 10. Bxc4 {[%clk 1:28:39]} Re8
{[%clk 1:24:18]} 11. O-O {[%clk 1:25:50]} h6 {[%clk 1:24:06]} 12. Rad1
{[%clk 1:25:04]} b5 {[%clk 1:23:48]} 13. Be2 {[%clk 1:24:55]} Bf8
{[%clk 1:14:28]} 14. e4 {[%clk 1:23:37]} Qc8 {[%clk 1:07:53]} 15. e5
{[%clk 1:22:43]} Nb4 {[%clk 1:05:05]} 16. Qb1 {[%clk 1:22:24]} Nfd5
{[%clk 1:04:03]} 17. Ne4 {[%clk 1:22:40]} Qd8 {[%clk 0:55:38]} 18. Rc1
{[%clk 1:22:16]} Nb6 {[%clk 0:51:32]} 19. Bxh6 {[%clk 1:21:40]} Be7
{[%clk 0:37:44]} 20. Bg5 {[%clk 1:19:38]} Bc6 {[%clk 0:34:50]} 21. Bxe7
{[%clk 1:16:40]} Qxe7 {[%clk 0:32:19]} 22. a3 {[%clk 1:05:48]} Bxe4
{[%clk 0:31:45]} 23. Qxe4 {[%clk 1:06:14]} N4d5 {[%clk 0:32:02]} 24. h4
{[%clk 1:06:23]} Nd7 {[%clk 0:27:31]} 25. Ng5 {[%clk 1:03:54]} f5
{[%clk 0:23:14]} 26. Qf3 {[%clk 1:01:23]} g6 {[%clk 0:21:42]} 27. Rc6
{[%clk 0:59:44]} N7b6 {[%clk 0:17:33]} 28. Rxe6 {[%clk 0:59:41]} Qg7
{[%clk 0:17:49]} 29. Rc6 {[%clk 0:59:13]} Rac8 {[%clk 0:15:48]} 30. Rfc1
{[%clk 0:58:56]} Re7 {[%clk 0:15:00]} 31. Bd1 {[%clk 0:57:49]} Kh8
{[%clk 0:11:10]} 32. h5 {[%clk 0:57:23]} Rg8 {[%clk 0:09:10]} 33. hxg6
{[%clk 0:56:33]} 1-0

[Event "Small Nations"]
[Site "?"]
[Date "2015.04.23"]
[Round "7.10"]
[White "Mooney, Graham"]
[Black "Butnorius, Algimantas"]
[Result "0-1"]
[BlackElo "2379"]
[WhiteElo "1870"]
[LiveChessVersion "1.4.5"]

1. e4 {[%clk 1:30:54]} c5 {[%clk 1:30:37]} 2. Nf3 {[%clk 1:31:09]} e6
{[%clk 1:30:31]} 3. d4 {[%clk 1:30:13]} cxd4 {[%clk 1:30:55]} 4. Nxd4
{[%clk 1:30:38]} Nc6 {[%clk 1:30:49]} 5. Be3 {[%clk 1:27:30]} Nf6
{[%clk 1:29:22]} 6. Nc3 {[%clk 1:20:58]} Bb4 {[%clk 1:28:46]} 7. Bd3
{[%clk 1:19:47]} d5 {[%clk 1:27:04]} 8. Nxc6 {[%clk 1:12:44]} bxc6
{[%clk 1:27:27]} 9. exd5 {[%clk 1:13:03]} cxd5 {[%clk 1:27:40]} 10. Bd2
{[%clk 1:13:27]} O-O {[%clk 1:26:52]} 11. O-O {[%clk 1:13:52]} Bb7
{[%clk 1:16:57]} 12. Ne2 {[%clk 1:09:38]} Bd6 {[%clk 1:13:46]} 13. Ng3
{[%clk 1:08:01]} Qc7 {[%clk 1:05:01]} 14. Re1 {[%clk 0:52:38]} Rfe8
{[%clk 0:50:58]} 15. Bg5 {[%clk 0:47:33]} Nd7 {[%clk 0:46:17]} 16. Qh5
{[%clk 0:40:07]} g6 {[%clk 0:38:20]} 17. Qh4 {[%clk 0:38:05]} f5 {[%clk 0:37:21]}
18. Rad1 {[%clk 0:28:01]} Ne5 {[%clk 0:31:59]} 19. Ne2 {[%clk 0:26:23]} Nxd3
{[%clk 0:27:14]} 20. Rxd3 {[%clk 0:23:32]} e5 {[%clk 0:27:21]} 21. c3
{[%clk 0:19:42]} Rac8 {[%clk 0:22:56]} 22. Rdd1 {[%clk 0:15:12]} f4
{[%clk 0:18:44]} 23. Rd2 {[%clk 0:08:15]} Qf7 {[%clk 0:16:21]} 24. f3
{[%clk 0:08:05]} Bc5+ {[%clk 0:12:43]} 25. Kh1 {[%clk 0:08:33]} Be3
{[%clk 0:12:40]} 26. Rdd1 {[%clk 0:08:35]} a5 {[%clk 0:10:18]} 27. Ng1
{[%clk 0:07:07]} a4 {[%clk 0:10:14]} 28. a3 {[%clk 0:07:24]} Rb8 {[%clk 0:06:48]}
29. Nh3 {[%clk 0:07:41]} Bc8 {[%clk 0:06:17]} 30. Nf2 {[%clk 0:07:40]} Rxb2
{[%clk 0:06:02]} 31. Ng4 {[%clk 0:08:06]} Bxg4 {[%clk 0:06:28]} 32. Qxg4
{[%clk 0:08:31]} h5 {[%clk 0:04:30]} 33. Qh3 {[%clk 0:08:42]} Bd2
{[%clk 0:04:30]} 34. Rg1 {[%clk 0:05:54]} Qf5 {[%clk 0:04:11]} 35. Qxf5
{[%clk 0:05:56]} gxf5 {[%clk 0:04:39]} 36. g3 {[%clk 0:05:49]} Be3
{[%clk 0:04:17]} 37. Rge1 {[%clk 0:05:51]} Rc8 {[%clk 0:03:57]} 38. Rxd5
{[%clk 0:05:49]} Rxc3 {[%clk 0:03:44]} 39. Rxe5 {[%clk 0:05:43]} Rcc2
{[%clk 0:03:50]} 40. R5xe3 {[%clk 0:05:47]} fxe3 {[%clk 0:03:39]} 41. Bxe3
{[%clk 0:05:39]} Rxh2+ {[%clk 0:04:05]} 42. Kg1 {[%clk 0:06:04]} Rhe2
{[%clk 0:04:26]} 43. Rxe2 {[%clk 0:06:10]} Rxe2 {[%clk 0:04:55]} 44. Bc5
{[%clk 0:06:20]} Kf7 {[%clk 0:05:19]} 45. Kf1 {[%clk 0:06:02]} Rc2
{[%clk 0:05:45]} 46. g4 {[%clk 0:05:38]} hxg4 {[%clk 0:06:08]} 47. fxg4
{[%clk 0:05:57]} fxg4 {[%clk 0:06:34]} 48. Bf2 {[%clk 0:04:42]} Ra2
{[%clk 0:06:53]} 49. Bc5 {[%clk 0:05:09]} Ke6 {[%clk 0:07:13]} 0-1